000 00864nam a2200241 a 4500
001 51427
003 BD-RjUL
005 20211209075646.0
008 160831s1960 pk o00 0 eng d
035 _a(BD-RjUL)51547
040 _aNYP
_cNYP
_dZCU
_dBD-RjUL
_beng
041 _aeng
082 _a379.5491
_bPAR 1960
110 1 _aPakistan.
_bMinistry of Education
_9156601
245 1 0 _aReport of the Commission on National Education, Government of Pakistan, Ministry of Education, January-August 1959 /
_cPakistan. Ministry of Education ; Chairman: S. M. Sharif
260 _aKarachi :
_bManager of Publications,
_c[1960]
300 _aii, 360 p. ;
_c24 cm.
500 _aCover title.
650 4 _aEducation Policy
_zPakistan
_y20th century
_9153833
650 0 _aEducation
_zPakistan.
_9153834
700 _aSharif, S. M. , Chairman
_9156511
942 _2ddc
_cRAR
999 _c51427
_d51427